LEADER 01779nam a2200361 u 4500 001 000000042766 003 CaOOAMICUS 005 20070226114349.0 008 990308s1988 it u000 u ita u 020 $a8820008335 035 $a10816685 040 $aPUL(R)$bita$dMSA 041 1 $aita$heng 100 1 $aCecchini, Paolo.$0(OLS)http://pul/name/31382 240 10$aEuropean Challenge 1992 : the benefits of a single market.$lItaliano.$0(OLS)http://pul/title/57690 245 13$aLa sfida del 1992 :$buna grande scommessa per l'Europa : ricerca sul "Costo della non-Europa" promossa dalla Commissione delle Comunità Europee ... /$crapporto di Paolo Cecchini ; con la collaborazione di Michel Catinat e Alexis Jacquemin. 250 $a2. ed. 260 $a[Milano] :$bSperling & Kupfer,$cc1988. 300 $a230 p. ;$c21 cm 490 1 $aEconomia e management 500 $aContiene appendici. 504 $aBibliografia in nota. 651 4$aEuropa$xUnificazione.$0(OLS)http://pul/subject/37476 700 1 $aJacquemin, Alexis.$0(OLS)http://pul/name/31384 700 1 $aCatinat, Michel.$0(OLS)http://pul/name/31383 830 0$aEconomia e management (Sperling & Kupfer).$0(OLS)http://pul/title/57692 850 $aPUL 852 $aPUL$W1$xDP1 Cons. Gen., Altre Classi 1$y22$m44 E 27$j57720$nBK-PRI$b $qStampati$B57720$CPULBib$Z2$F57720 $H $81 941 1 $a8 961 $aINV: 60544 996 $6020$a8820008335$9(OLS)http://pul/number/53343 996 $6245$aLa sfida del 1992 :$buna grande scommessa per l'Europa : ricerca sul "Costo della non-Europa" promossa dalla Commissione delle Comunità Europee ... $9(OLS)http://pul/title/57691 996 $6260$a[Milano] :$bSperling & Kupfer$9(OLS)http://pul/publisher/64995 LEADER 02333nam a2200481 a 4500 001 000000137539 003 CaOOAMICUS 005 20140226141922.0 008 140226s2014 it u000 u ita r 020 $a978-88-10-80256-4 040 $aPUL$bita 082 04$a262.9 110 2 $aPapi (1958-1963 : Iohannes PP. XXIII).$0(OLS)http://pul/name/18013 245 10$aEncicliche di Giovanni XXIII :$bAd Petri cathedram, Sacerdotii nostri primordia, Grata recordatio, Princeps pastorum, Mater et magistra, Aeterna Dei sapientia, Paenitentiam agere, Pacem in terris. 246 30$aAd Petri cathedram 246 30$aSacerdotii nostri primordia 246 30$aGrata recordatio 246 30$aPrinceps pastorum 246 30$aMater et Magistra 246 30$aAeterna Dei sapientia 246 30$aPaenitentiam agere 246 30$aPacem in terris 260 $aBologna :$bEDB,$c©2014. 300 $a254 p. ;$c17 cm 600 04$aIohannes PP.$bXXIII,$cs.,$d1881-1963$xEncicliche.$0(OLS)http://pul/subject/40123 850 $aPUL 852 $aPUL$W1$xSL Diritto Canonico 3$y77$m262. 9 GIOVA23 3$j158555$qDDC 21$B158068$CPULBib$Z2$F158068 $H123528 $82 900 $aIohannes PP.$bXXIII,$cs.,$d1881-1963$918013 900 $aIohannes PP.$bXXIII,$cs.,$d1881-1963$918013 941 1 $a9 996 $6020$a978-88-10-80256-4$9(OLS)http://pul/number/154631 996 $6082$a262.9$9(OLS)http://pul/classification/369 996 $6246$aGrata recordatio$9(OLS)http://pul/title/174134 996 $6246$aAd Petri cathedram$9(OLS)http://pul/title/174132 996 $6246$aSacerdotii nostri primordia$9(OLS)http://pul/title/174133 996 $6246$aPrinceps pastorum$9(OLS)http://pul/title/174135 996 $6246$aMater et Magistra$9(OLS)http://pul/title/61405 996 $6246$aAeterna Dei sapientia$9(OLS)http://pul/title/174137 996 $6246$aPaenitentiam agere$9(OLS)http://pul/title/174138 996 $6246$aPacem in terris$9(OLS)http://pul/title/174139 996 $6245$aEncicliche di Giovanni XXIII :$bAd Petri cathedram, Sacerdotii nostri primordia, Grata recordatio, Princeps pastorum, Mater et magistra, Aeterna Dei sapientia, Paenitentiam agere, Pacem in terris$9(OLS)http://pul/title/174131 996 $6260$aBologna :$bEDB$9(OLS)http://pul/publisher/56073